Úspech rožňavských profesionálov Dobre investované peniaze

Bibliographic Details
Main Author: Dlouhý, Oleg, 1951-2014 (Author)
Corporate Author: Divadlo Actores Rožňava (Author)
Format: Article
Language:Slovak
Subjects:

MARC

LEADER 00000nab a2200000 a 4500
001 vtls001006678
003 SK-MaSNL
005 20260303193915.0
008 040720e19980623xo 0 slo
035 |a RV7278 
040 |a RVGKPD  |b slo  |c RVGKPD  |e AACR2 
041 0 |a slo 
044 |a xo  |c SK 
080 |a 792.2  |2 1981 
100 1 |a Dlouhý, Oleg,  |d 1951-2014  |4 aut  |9 103456 
245 1 0 |a Úspech rožňavských profesionálov  |b Dobre investované peniaze 
500 |a činnosť 
500 |a informácie 
610 2 7 |a Divadlo Actores Rožňava  |2 RVGKPD  |9 58587 
651 7 |a Rožňava (Slovensko)  |2 RVGKPD  |9 17394 
651 7 |a RV,  |2 RVGKPD  |9 1023870 
655 7 |a periodikum  |2 snkbucl  |9 29553 
710 2 |a Divadlo Actores Rožňava  |4 aut  |9 58587 
773 0 8 |t Národná obroda  |g Roč. 9, č.143, 23.6.1998, s. 8 
852 |a ZVYKNI  |b KIS3GCP 
999 |c 2154643  |d 2156573